000 00392nam a2200157Ia 4500
003 OSt
005 20230526153136.0
008 211028s2016 xx 000 0 und d
040 _cAIMIT LIBRARY
041 _aeng
100 _aHarshitha; Lasrado, Suman.
_98632
_e141909
110 _aSuman Lasrado
_98633
245 _aAIMIT moodle system.
260 _aMangalore
_c2016
942 _2ddc
_cPRO
999 _c219985
_d219985